000 00973cad a22002295a 4500
001 E151617
008 101123s2010 xxk f 100 0 eng d
020 _a9781842196199
035 _a(Sirsi) u151617
041 0 _aeng
100 1 _aFrancis, Valerie
111 2 _aConstruction and Building Research Conference
_cDauphine Universite, Paris
_d2-3 September 2010
245 0 2 _aA twenty year review of women's participation within the construction trade sector of the Australian construction industry
_h[electronic resource]
260 _aLondon
_bRICS
_c2010
520 _aA paper presented at the COBRA Conference in Paris on 2-3 September 2010.
590 _aKA
650 2 4 _aCONSTRUCTION AND BUILDING RESEARCH CONFERENCE (COBRA)
651 4 _aAustralia
690 _aMANAGEMENT-BUSINESS MANAGEMENT-HUMAN RESOURCE MANAGEMENT
856 4 0 _uhttps://www.rics.org/site/scripts/download_info.aspx?fileID=8094&categoryID=720
_zBroken link - not available
942 _n0
999 _c111487
_d111487